KOHA-Header-6

Classics Reading In Self Managing- Teamwork (Record no. 2949)

000 -LEADER
fixed length control field 00303nam a2200121Ia 4500
008 - FIXED-LENGTH DATA ELEMENTS--GENERAL INFORMATION
fixed length control field 190902s9999||||xx |||||||||||||| ||und||
020 ## - INTERNATIONAL STANDARD BOOK NUMBER
International Standard Book Number 007471330-2
100 ## - MAIN ENTRY--PERSONAL NAME
Personal name Rollin Glaser
245 #0 - TITLE STATEMENT
Title Classics Reading In Self Managing- Teamwork
260 ## - PUBLICATION, DISTRIBUTION, ETC. (IMPRINT)
Place of publication, distribution, etc UK
Name of publisher, distributor, etc Prentice Hall
Date of publication, distribution, etc 1992
300 ## - PHYSICAL DESCRIPTION
Extent 494
942 ## - ADDED ENTRY ELEMENTS (KOHA)
Koha item type Books
Holdings
Withdrawn status Lost status Source of classification or shelving scheme Damaged status Not for loan Collection code Permanent Location Current Location Shelving location Date acquired Barcode Date last seen Price effective from Koha item type
          English Literature MAJU MAJU Shelf No.A14 2019-09-02 6626 2019-09-02 2019-09-02 English Literature

Powered by Koha